Le bon mot (click quiz) - Statistiques

Statistiques générales
  • Ce quiz a été pris 136 fois
  • Le résultat moyen est 5 sur 10
Statistiques - réponses
Hint Réponse % Correct
Un tiens vaut mieux que 2 tu ..... Laura
84%
Je n'en .....plus Puits
84%
..... quoi encore ! Epique
56%
..... s'en aille ! Faucon
56%
Le 1er novembre, on ne pense ..... Comores
51%
Viens boire l'apéro ..... ces jours Inde
50%
Il faut laver ..... L'aidant
49%
Tu aimes toujours autant les films ..... ? Doreur
40%
Il n'est vraiment pas sympa ..... Tonga
32%
..... là-bas, au pied ! Etoile
28%
Aucun quiz correspondant
Distribution des résultats
% des personnes avec chaque résultat
Percentile par nombre de réponses
Votre historique - résultats
Vous n’avez pas pris ce quiz